The Earth in Turmoil: Earthquakes, Volcanoes, and Their Impact on Humankind / (Record no. 617174)

000 -LEADER
fixed length control field 00509nam a22001697a 4500
003 - CONTROL NUMBER IDENTIFIER
control field NUST
005 - DATE AND TIME OF LATEST TRANSACTION
control field 20260417161324.0
008 - FIXED-LENGTH DATA ELEMENTS--GENERAL INFORMATION
fixed length control field 260417b ||||| |||| 00| 0 eng d
020 ## - INTERNATIONAL STANDARD BOOK NUMBER
International Standard Book Number 978-0716731511
082 ## - DEWEY DECIMAL CLASSIFICATION NUMBER
Classification number 551.220973
Author Mark GIE
100 ## - MAIN ENTRY--PERSONAL NAME
Personal name Kerry E. Sieh
9 (RLIN) 134202
245 ## - TITLE STATEMENT
Title The Earth in Turmoil: Earthquakes, Volcanoes, and Their Impact on Humankind /
Statement of responsibility, etc. Kerry E. Sieh
260 ## - PUBLICATION, DISTRIBUTION, ETC.
Place of publication, distribution, etc. New York:
Name of publisher, distributor, etc. W. H. Freeman Company,
Date of publication, distribution, etc. 1998.
300 ## - PHYSICAL DESCRIPTION
Extent 324 p ;
Dimensions 28.00 cm
563 ## - BINDING INFORMATION
Binding note Paperback
942 ## - ADDED ENTRY ELEMENTS (KOHA)
Source of classification or shelving scheme
Koha item type Book
Holdings
Withdrawn status Lost status Source of classification or shelving scheme Damaged status Not for loan Permanent Location Current Location Date acquired Total Checkouts Full call number Barcode Date last seen Price effective from Koha item type
          Institute of Geographical Information Systems (IGIS) Institute of Geographical Information Systems (IGIS) 04/17/2026   551.220973 GIE IGIS-390 04/17/2026 04/17/2026 Book
© 2023 Central Library, National University of Sciences and Technology. All Rights Reserved.